Spy hook : (Record no. 914)

MARC details
000 -LEADER
fixed length control field 00718cam a2200229 a 4500
005 - DATE AND TIME OF LATEST TRANSACTION
control field 20260322212039.0
008 - FIXED-LENGTH DATA ELEMENTS--GENERAL INFORMATION
fixed length control field data
010 ## - LIBRARY OF CONGRESS CONTROL NUMBER
LC control number 88011461
020 ## - INTERNATIONAL STANDARD BOOK NUMBER
International Standard Book Number 0394551788 :
Terms of availability {dollar}18.95
020 ## - INTERNATIONAL STANDARD BOOK NUMBER
International Standard Book Number 9780394551784 :
Terms of availability {dollar}18.95
040 ## - CATALOGING SOURCE
Original cataloging agency DLC
Transcribing agency DLC
Modifying agency DLC
050 00 - LIBRARY OF CONGRESS CALL NUMBER
Classification number PR6054.E37
Item number S67 1988
082 00 - DEWEY DECIMAL CLASSIFICATION NUMBER
Classification number 823/.914
Edition information 19
001 - CONTROL NUMBER
control field data
100 1# - MAIN ENTRY--PERSONAL NAME
Personal name Deighton, Len,
Dates associated with a name 1929-
245 10 - TITLE STATEMENT
Title Spy hook :
Remainder of title a novel /
Statement of responsibility, etc. Len Deighton.
260 ## - PUBLICATION, DISTRIBUTION, ETC.
Place of publication, distribution, etc. New York :
Name of publisher, distributor, etc. Distributed by Random House,
-- Distributed by Random House,
Date of publication, distribution, etc. 1989, c1988.
300 ## - PHYSICAL DESCRIPTION
Extent 291 p. ;
Dimensions 22 cm.
650 #0 - SUBJECT ADDED ENTRY--TOPICAL TERM
Topical term or geographic name entry element Samson, Bernard (Fictitious character)
General subdivision Fiction.
650 #0 - SUBJECT ADDED ENTRY--TOPICAL TERM
Topical term or geographic name entry element Intelligence service
Geographic subdivision Great Britain
General subdivision Fiction.
655 #7 - INDEX TERM--GENRE/FORM
Genre/form data or focus term Spy stories.
Source of term gsafd
Holdings
Withdrawn status Lost status Damaged status Not for loan Home library Current library Shelving location Date acquired Total checkouts Full call number Barcode Date last seen Price effective from Koha item type
        Centerville Centerville General stacks 22/03/2026   823/.914 19 BC0010942 22/03/2026 22/03/2026 Books